| 000 | 00971nam a2200253Ia 4500 | ||
|---|---|---|---|
| 003 | OSt | ||
| 005 | 20221028225851.0 | ||
| 006 | a|||||r|||| 00| 0 | ||
| 007 | ta | ||
| 008 | 220915b |||||||| |||| 00| 0 hin d | ||
| 024 | _a268928 | ||
| 037 | _cTextbook | ||
| 040 |
_bhin _aARTS _cARTS |
||
| 041 | _ahin | ||
| 082 | _aO15:gx81,1, G3 | ||
| 100 | _aदुर्गा प्रसाद, संपा. | ||
| 245 | 0 | _aकाव्यप्रदीपः श्री गोविन्दप्रणीतः, मकण् दुर्गा प्रसाद | |
| 246 | _aKāvyapradīpah shrī govindapraṇītah, makaṇ durgā prasāda | ||
| 260 |
_aबम्बई _bनारायण सागर भारत _c1933 |
||
| 300 |
_a403 पृ0 _ccm. |
||
| 650 | _aसंस्कृत साहित्य | ||
| 942 |
_hO15:gx81,1, G3 _cTB _2CC |
||
| 999 |
_c100815 _d100815 |
||